A haunted year

Bibliographic Details
Main Author: Phillips, Ann
Format: Book
Published: Oxford : University Press , 1991
Subjects:

MARC

LEADER 00000cam a2200000 7i4500
001 0000001863
002 000002026
005 20000330.0
020 |a 0192716506 
090 0 0 |a JF   |b PHI 
100 1 |a Phillips, Ann 
245 1 2 |a A haunted year   |c Ann Phillips 
260 |a Oxford :   |b University Press ,   |c 1991 
300 |a 124p. :   |b ill. ;   |c 22cm. 
650 0 0 |a Ghost stories 
999 |a 034955   |b BUKU   |c PINJAMAN   |e PERPUSTAKAAN KOMUNITI PETALING JAYA